La Belle Époque chilena: alta sociedad y mujeres de élite

Saved in:
Bibliografiske detaljer
Hovedforfatter: Vicuña, Manuel
Format: Bog
Sprog:engelsk
spansk
Udgivet: Santiago, Chile Catalonia Ltda. 2010
Udgivelse:Segunda edición
Fag:
Tags: Tilføj Tag
Ingen Tags, Vær først til at tagge denne postø!

MARC

LEADER 00000nam a22000007a 4500
003 CL-VaPUC
005 20250227161627.0
008 200123b ||||| |||| 00| 0 eng d
999 |c 379592  |d 379590 
020 |a 9789563240733 
040 |c Pontificia Universidad Católica de Valparaíso 
041 0 |a spa 
082 |a 983.063 VIC 2010 
100 1 |a Vicuña, Manuel  |9 507308 
245 1 0 |a La Belle Époque chilena:  |b  alta sociedad y mujeres de élite 
250 |a Segunda edición 
260 3 |a Santiago, Chile  |b Catalonia Ltda.  |c 2010 
300 |a 318 páginas 
505 0 |a I. Santiago y la élite nacional. II. Salones y salonières. III. El club de señoras y el ideal de la domesticidad. IV. La cruzada moral de la liga de damas chilenas. V. El apostolado femenino. Epílogo. 
583 |c 20200123  |k Daniel Castañeda 
650 0 0 |a Historia de Chile siglo 20  |9 268145 
650 0 0 |a Clases sociales  |9 256858 
650 0 0 |a Vida y costumbres  |9 611784 
650 0 0 |a CLASE ALTA  |9 611785 
942 |2 ddc  |c BK 
952 |0 0  |1 0  |2 ddc  |4 0  |6 983_063000000000000_VIC_2010  |7 0  |8 A  |9 500184  |a BIBGIM  |b BIBGIM  |d 2020-01-23  |i 5614236  |o 983.063 VIC 2010  |p 5614236  |r 2025-01-15  |t 1  |w 2020-01-23  |y BK  |k GIM